000 00335 a2200145 4500
001 169580
020 _a
040 _cMagnum
100 _aAlencar, Marcelo
240 1 0 _aTv colosso: jf na marca do penalti
_lpor
245 1 0 _aTv colosso: jf na marca do penalti
362 0 _a1899
697 _aIJ/AVENTURA, CRIANCAS
942 _cBK
999 _c169580
_d169580